Common Indian trees and how to know them. (Record no. 56812)
[ view plain ]
| 000 -LEADER | |
|---|---|
| fixed length control field | 00705nam a22002291 4500 |
| 001 - CONTROL NUMBER | |
| control field | sa 64001572 |
| 003 - CONTROL NUMBER IDENTIFIER | |
| control field | DLC |
| 005 - DATE AND TIME OF LATEST TRANSACTION | |
| control field | 20260227112003.0 |
| 008 - FIXED-LENGTH DATA ELEMENTS--GENERAL INFORMATION | |
| fixed length control field | 850514s1956 ii f 00000 eng |
| 010 ## - LIBRARY OF CONGRESS CONTROL NUMBER | |
| LC control number | sa 64001572 //r85 |
| 025 ## - OVERSEAS ACQUISITION NUMBER | |
| Overseas acquisition number | PL480:I-E-2374 |
| 040 ## - CATALOGING SOURCE | |
| Original cataloging agency | DLC/ICU |
| Transcribing agency | ICU |
| 043 ## - GEOGRAPHIC AREA CODE | |
| Geographic area code | a-ii--- |
| 050 0# - LIBRARY OF CONGRESS CALL NUMBER | |
| Classification number | QK490.I4 |
| Item number | P28 1958 |
| 100 10 - MAIN ENTRY--PERSONAL NAME | |
| Personal name | Parker, R. N. |
| Fuller form of name | (Richard Neville) |
| 245 10 - TITLE STATEMENT | |
| Title | Common Indian trees and how to know them. |
| Statement of responsibility, etc. | Illus. by Ganga Singh. |
| 260 0# - PUBLICATION, DISTRIBUTION, ETC. | |
| Place of publication, distribution, etc. | Delhi, |
| Name of publisher, distributor, etc. | Manager of Publications, |
| Date of publication, distribution, etc. | 1956 [cover 1958] |
| 300 ## - PHYSICAL DESCRIPTION | |
| Extent | 46 p. |
| Other physical details | 40 plates. |
| Dimensions | 25 cm. |
| 500 ## - GENERAL NOTE | |
| General note | Cover title: Forty trees common in India. |
| 650 #0 - SUBJECT ADDED ENTRY--TOPICAL TERM | |
| Topical term or geographic name entry element | Trees |
| Geographic subdivision | India. |
| 740 01 - ADDED ENTRY--UNCONTROLLED RELATED/ANALYTICAL TITLE | |
| Uncontrolled related/analytical title | Forty trees common in India. |
No items available.